Sports Quiz

Random Sports or Basketball Quiz
Score 0/34 Timer 05:00
0 Plays Today
dsafdsa dsafd % Correct
Denver Nuggets Give:Carmelo Anthony
97.7%
New York Knicks Get:Carmelo Anthony
97.7%
Denver Nuggets Give:Chauncey Billups
78.9%
New York Knicks Get:Chauncey Billups
78.9%
Denver Nuggets Get:Danilo Gallinari
66.3%
New York Knicks Give:Danilo Gallinari
66.3%
Denver Nuggets Get:Raymond Felton
63.3%
New York Knicks Give:Raymond Felton
63.3%
New York Knicks Give:Wilson Chandler
59%
Denver Nuggets Get:Wilson Chandler
58.9%
Minnesota Timberwolves Give/Get:Corey Brewer
41.4%
New York Knicks Get:Corey Brewer
41.4%
New York Knicks Give:Timofey Mozgov
39.3%
Denver Nuggets Get:Timofey Mozgov
39.2%
New York Knicks Give:Eddy Curry
35.4%
Minnesota Timberwolves Give/Get:Eddy Curry
35.4%
New York Knicks Give:Anthony Randolph
34.2%
dsafdsa dsafd % Correct
Minnesota Timberwolves Give/Get:Anthony Randolph
34.2%
Denver Nuggets Give:Renaldo Balkman
32.3%
New York Knicks Get:Renaldo Balkman
32.3%
Denver Nuggets Give:Shelden Williams
29.8%
New York Knicks Get:Shelden Williams
29.8%
New York Knicks Give:Three Million Dollars
29.4%
Denver Nuggets Get:Three Million Dollars
29.3%
New York Knicks Get:Anthony Carter
26.2%
Denver Nuggets Give:Anthony Carter
26.2%
Denver Nuggets Get:2014 First Round Pick
13.2%
New York Knicks Give:2014 First Round Pick
13.2%
New York Knicks Give:2012 Second Round Pick
12.4%
Denver Nuggets Get:2012 Second Round Pick
12.4%
Denver Nuggets Get:2013 Second Round Pick
11.7%
New York Knicks Give:2013 Second Round Pick
11.7%
Minnesota Timberwolves Give/Get:Kosta Koufos
6.7%
Denver Nuggets Get:Kosta Koufos
6.7%

You're not logged in!

Compare scores with friends on all Sporcle quizzes.
OR
Log In

Sporcle TV

Today on Sporcle TV


Watch our educational content, quiz creation guides, and fun videos on Sporcle TV.

Show Comments

Extras

Top Quizzes Today


Score Distribution

Paid Content

Your Account Isn't Verified!

In order to create a playlist on Sporcle, you need to verify the email address you used during registration. Go to your Sporcle Settings to finish the process.

Report this User

Report this user for behavior that violates our Community Guidelines.

Details: